000 00693nam a22002177a 4500
003 UA-OsUOA
001 89012
007 ta
008 20121023b un ||||| |||| 00| 0 ukr d
100 _aШемаєв В.В.
090 _a330(477)
_bШ46
942 _cSA
040 _aUA-OsUOA
_bukr
_cUA-OsUOA
_dUA-OsUOA
245 _aФінансова підтримка розвитку експорту на основі створення експортно-кредитного агкнства
300 _aС.50-56
955 _a0
041 _aukr
080 _a330(477)
773 0 _w89007
_tФінанси України
_dК.
_d2012
_g4
650 7 _a330 Економіка взагалі
_2UDC
999 _c375289
_d375289